| 000 | 01077cab a2200265 4500 | ||
|---|---|---|---|
| 001 | ABS68716 | ||
| 008 | 050224n2005 000 0 eng u | ||
| 035 | _a(Sirsi) u128881 | ||
| 245 | _aSpecial report: ports, airports and freight terminals | ||
| 260 | _c2005 | ||
| 490 |
_aProperty Week _v70(5) 4 February 2005, 79-90(7) |
||
| 520 | _aThe first article, "Jet lag", examines the impact of Terminal 5 on property, in particular sheds. "Pass the port" looks at the City's interest in ports as Mersey Docks and Harbour Company faces a takeover. The final article, "Off the rails", reports on how the transition from the Strategic Rail Authority to the Department for Transport will affect interchange schemes and planning at a local level. | ||
| 590 | _aABS | ||
| 650 | _aHEATHROW | ||
| 650 | _aAIRPORTS | ||
| 650 | _aEUROSTAR | ||
| 650 | _aCHANNEL TUNNEL | ||
| 650 | _aRAILWAYS | ||
| 650 | _aPORTS | ||
| 650 | _aFREIGHT TERMINALS | ||
| 650 | _aFREIGHT | ||
| 650 | _aHANGARS | ||
| 690 | _aPROPERTY-COMMERCIAL PROPERTY-COMMERCIAL PROPERTY MARKET | ||
| 942 | _n0 | ||
| 999 |
_c74835 _d74835 |
||